"The vice of wedlock" : the theme of marriage in George Gissing's novels /

Bibliographic Details
Main Author: Sjöholm, Christina
Format: Thesis Book
Language:English
Series:Acta Universitatis Upsaliensis. Studia Anglistica Upsaliensia ; 85.
Subjects:

MARC

Tag First Indicator Second Indicator Subfields
LEADER 00000cam a2200000 a 4500
001 in00001220821
005 20151003052042.0
008 940518s1994 sw b 001 0 eng d
020 |a 9155432581 
035 |a (OCoLC)30455516 
035 |9 AGR3316AM 
040 |a CGU  |c CGU  |d NYP  |d UtOrBLW 
042 |a lcnccp 
049 |a TXAM 
050 1 4 |a PR4717  |b .S53 1994 
100 1 |a Sjöholm, Christina. 
245 1 5 |a "The vice of wedlock" :  |b the theme of marriage in George Gissing's novels /  |c Christina Sjöholm. 
264 2 |a Stockholm :  |b Almqvist & Wiksell (distributor),  |c 1994. 
300 |a 144 pages ;  |c 23 cm. 
336 |a text  |b txt  |2 rdacontent 
337 |a unmediated  |b n  |2 rdamedia 
338 |a volume  |b nc  |2 rdacarrier 
490 1 |a Acta Universitatis Upsaliensis. Studia Anglistica Upsaliensia,  |v 85 
500 |a Added title page with thesis statement inserted. 
502 |b Ph.D.  |c Uppsala University. 
504 |a Includes bibliographical references (pages 137-141) and index. 
600 1 0 |a Gissing, George,  |d 1857-1903  |x Criticism and interpretation. 
650 0 |a Marriage in literature. 
830 0 |a Acta Universitatis Upsaliensis.  |p Studia Anglistica Upsaliensia ;  |v 85. 
999 |a MARS 
999 f f |s b137cbfc-97ad-3cfd-a54b-393832e0d26d  |i fff165a7-8819-3b02-ab3e-4f96dff651a4  |t 0 
952 f f |p normal  |a Texas A&M University  |b College Station  |c Sterling C. Evans Library  |d Evans: Library Stacks  |t 0  |e PR4717 .S53 1994  |h Library of Congress classification  |i unmediated -- volume  |m A14819795130 
998 f f |a PR4717 .S53 1994  |t 0  |l Evans: Library Stacks